Jak se banky vypořádají s ESG?

ESG (Environmental, Social and Governance) a oblasť udržateľného rozvoja, ktorá stojí na 2 hlavných dokumentoch - Agenda OSN pre udržateľný rozvoj 2030 a Parížska dohoda. Európska obozretná regulácia ESG. Všetky 3 piliere kapitálovej primeranosti. Ďalšie predpisy v oblasti ESG. Uhlíková stopa banky,...

Ausführliche Beschreibung

Gespeichert in:
Bibliographische Detailangaben
1. Verfasser: Přecechtěl, Dušan
Weitere Verfasser: Michlík, Matej
Format: Buchkapitel
Sprache:Tschechisch
Schlagworte:
Tags: Tag hinzufügen
Keine Tags, Fügen Sie das erste Tag hinzu!

MARC

LEADER 00000naa a2200000 4500
001 0274781
005 20241031103906.8
041 0 |a cze 
044 |a CZ 
245 1 0 |a Jak se banky vypořádají s ESG?  |c Dušan Přecechtěl, Matej Michlík 
520 |a ESG (Environmental, Social and Governance) a oblasť udržateľného rozvoja, ktorá stojí na 2 hlavných dokumentoch - Agenda OSN pre udržateľný rozvoj 2030 a Parížska dohoda. Európska obozretná regulácia ESG. Všetky 3 piliere kapitálovej primeranosti. Ďalšie predpisy v oblasti ESG. Uhlíková stopa banky, jej meranie a implikácia. ESG v hľadáčiku investorov, klientov a zamestnancov. 
610 2 0 |a banky 
610 2 0 |a rozvoj trvalo udržateľný 
610 2 0 |a dohody medzinárodné 
610 2 0 |a riadenie rizík 
610 2 0 |a emisie 
610 2 0 |a ESG 
100 1 |a Přecechtěl, Dušan 
700 1 |a Michlík, Matej